University of Maryland Trivia - Statistics

General Stats
  • This quiz has been taken 139 times
  • The average score is 6 of 11
Answer Stats
Hint Answer % Correct
What is UMD's mascot? Terrapin
93%
What big city is UMD closest to? Washington, DC
90%
What city is UMD in? College Park
85%
What athletic conference is UMD in? Big Ten
82%
How many schools/colleges does UMD have? 12
64%
What Maryland county is UMD in? Prince George's
60%
What is the mascot's name? Testudo
51%
What are all but 3 dorms named after? Counties
33%
When was the University established? 1856
31%
What is the name of UMD's main academic quad? McKeldin Mall
26%
What are all but 3 dorms named after? County seats
10%
No matching quizzes found
Score Distribution
Percent of People with Each Score
Percentile by Number Answered
Your Score History
You have not taken this quiz